00764nam a22002171 450000100060000000300080000600500170001400800410003103500190007204000270009104100110011808200200012910000230014924501160017226000350028830000540032350000640037750400300044165000470047170000280051818334BD-RjUL20211209000254.0140220s1968 ne bf b 000 0 eng  a(BD-RjUL)18392 aDLCcDLCdBD-RjULbeng1 aengund00a891.5bRYH 19681 aRypka, Jan,d1886-10aHistory of Iranian literature /cWritten in collaboration with Otakar Klíma [and others] Edited by Karl Jahn. aDordrecht :bD. Reidel ,c1968 axxvii, 929 p. :bcol. plate, fold. map. ;c25 cm. aTranslation of Dějiny perské a tadžické literatury. aBibliography: p. 753-854. 0aPersian literaturexHistory and criticism.1 aJahn, Karl,d1906-eed.